00478nam a2200181 a 4500001001300000003000900013005001700022008004100039020002300080082001400103100001900117245004200136260003700178300000900215500003500224650001800259700001900277nice12345678IN_TiNIC20260116014347.0100329s2007 seca grp 000 0 eng  a9788173628511c27500a225bPHI3 aPhillips, John aExploring People of the New Testament aSec-Bad bAuthentic Books c2007 a430p aincludes index and biblioraphy aNew Testament1 aPhillips, John